书目信息 |
| 题名: |
煤的清洁利用与污染防治
|
|
| 作者: | 惠世恩 主编 | |
| 分册: | ||
| 出版信息: | 北京 中国电力出版社 2019 |
|
| 页数: | 319页 | |
| 开本: | 26cm | |
| 丛书名: | ||
| 单 册: | ||
| 中图分类: | X752 , X511 | |
| 科图分类: | ||
| 主题词: | 煤炭工业--mei tan gong ye--无污染技术--高等教育--教材 , 煤烟污染--mei yan wu ran--污染防治--高等教育--教材 | |
| 电子资源: | ||
| ISBN: | 978-7-5198-2390-0 | |
| 000 | 01231nam0 2200301 45 | |
| 001 | 012001003216 | |
| 005 | 20191204112103.45 | |
| 010 | @a978-7-5198-2390-0@dCNY56.00 | |
| 099 | @aCAL 012019149069 | |
| 100 | @a20190911d2019 em y0chiy50 ea | |
| 101 | 0 | @achi |
| 102 | @aCN@b110000 | |
| 105 | @aak a 000yy | |
| 106 | @ar | |
| 200 | 1 | @a煤的清洁利用与污染防治@Amei de qing jie li yong yu wu ran fang zhi@f主编惠世恩 |
| 205 | @a第2版 | |
| 210 | @a北京@c中国电力出版社@d2019 | |
| 215 | @a319页@c图@d26cm | |
| 300 | @a“十三五”普通高等教育规划教材 | |
| 320 | @a有书目 (第318-319页) | |
| 330 | @a本书共七章,主要内容包括煤气化和液化原理与技术、煤加工的洁净利用技术、高效低污染煤燃烧技术和发电技术、煤燃烧中氮氧化物和硫氧化物生成机理及排放控制技术等。本书从环境保护的角度介绍了当前国内外比较关注的洁净煤利用技术的基本工作过程和研究现状,注重理论与实践相结合,对于扩大学生知识面,全面调动学生对科学深入研究的兴趣大有裨益。 | |
| 606 | 0 | @a煤炭工业@Amei tan gong ye@x无污染技术@x高等教育@j教材 |
| 606 | 0 | @a煤烟污染@Amei yan wu ran@x污染防治@x高等教育@j教材 |
| 690 | @aX752@v5 | |
| 690 | @aX511@v5 | |
| 701 | 0 | @a惠世恩@Ahui shi en@4主编 |
| 801 | 0 | @aCN@b北京卓展@c20191020 |
| 905 | @b1210808-11@dX752@e296=2@f4 | |
| 煤的清洁利用与污染防治/主编惠世恩.-第2版.-北京:中国电力出版社,2019 |
| 319页:图;26cm |
| “十三五”普通高等教育规划教材 |
| ISBN 978-7-5198-2390-0:CNY56.00 |
| 本书共七章,主要内容包括煤气化和液化原理与技术、煤加工的洁净利用技术、高效低污染煤燃烧技术和发电技术、煤燃烧中氮氧化物和硫氧化物生成机理及排放控制技术等。本书从环境保护的角度介绍了当前国内外比较关注的洁净煤利用技术的基本工作过程和研究现状,注重理论与实践相结合,对于扩大学生知识面,全面调动学生对科学深入研究的兴趣大有裨益。 |
| ● |
| 相关链接 |
|
|
|
|
正题名:煤的清洁利用与污染防治
索取号:X752/296=2
 
预约/预借
| 序号 | 登录号 | 条形码 | 馆藏地/架位号 | 状态 | 备注 |
| 1 | 1210808 | 212108084 | 第二样本阅览室/ [索取号:X752/296=2] | 在馆 | |
| 2 | 1210809 | 212108093 | 第三借阅区/ [索取号:X752/296=2] | 在馆 | |
| 3 | 1210810 | 212108100 | 第三借阅区/ [索取号:X752/296=2] | 在馆 | |
| 4 | 1210811 | 212108119 | 第三借阅区/ [索取号:X752/296=2] | 在馆 |